Quiz o Tatrach - Statystyki

Ogólne statystyki
  • Ten quiz został rozwiązany 34 razy
  • Średni wynik to 12 z 17
Statystyki odpowiedzi
Wskazówka Odpowiedź % Poprawnych
Słynne jezioro w Tatrach, w Zakopanem Morskie Oko
100%
Państwa w których się znajdują Polska
100%
Najwyższy szczyt w Polsce Rysy
100%
Państwa w których się znajdują Słowacja
100%
Łańcuch górski w którym leżą Karpaty
97%
Najwyższy szczyt Gerlach
91%
Park narodowy nieopodal {Tatrzański} Park Narodowy
88%
Inne popularne szczyty w granicach Zakopanem Kasprowy Wierch
84%
Części Tatr Tatry {Wysokie}
84%
Inne popularne szczyty w granicach Zakopanem Giewont
81%
Części Tatr Tatry {Zachodnie}
81%
Gatunek zwierzęcia nazwany od Tatr {Kozica} tatrzańska
66%
Krainy etnograficzne otaczające Tatry Podhale
50%
Tatry po niemiecku Tatra
50%
Krainy etnograficzne otaczające Tatry Orawa
31%
Krainy etnograficzne otaczające Tatry Spisz
28%
Krainy etnograficzne otaczające Tatry Liptów
6%
Nie znaleziono quizów pasujących do podanych kryteriów
Rozkład punktacji
Procent ludzi z każdym wynikiem
Percentyl według liczby udzielonych odpowiedzi
Twoja historia wyników
Nie rozwiązałeś tego quizu